000 00927nam a22002417a 4500
999 _c13970
_d13970
003 AR-CdUCM
008 190417b ||||| |||| 00| 0 spa d
040 _aMUNICIPALIDAD PROVINCIAL DEL CUSCO
_cBIBLIOTECA MUNICIPAL DEL CUSCO
041 _heng
082 _a513.28 /
_bM84
100 _aMoore, Justin H.
_932616
245 _aManual de matemáticas financieras /
260 _aMéxico :
_bUTEHA,
_c1963.
300 _aIX, 1347 páginas ;
_bcuadros,
_c18.5 cm.
500 _aObra ilustrada con 29 diagramas.
505 _aContenido: Interés simple -- Valor actual y descuento simple -- Interés compuesto -- Valor actual a interés compuesto -- Descuento bancario compuesto -- Anualidades vencidas ...
650 _aMatemáticas financieras
_919226
650 _aInversiones
_94219
650 _aManuales
_95970
700 _aOrtiz R., Teodoro (traducción)
_932617
942 _2ddc
_cLIBROS
945 _aachl
_d2019-04-17